01007nas a2200277Ia 4500001001600000003001000016008004100026040002500067041001300092100002200105210002600127222002600153245008400179250001100263260000900274501012300283300001400406362001600420500003700436650002100473700001100494942000700505957000600512999003300518952017800551A05/R047-48355 IT-MiCISF161014c99999999xx |||||||||||| ||und|| aIT-MiCISFcIT-MiCISF aITALIANO aColombo Maddalena aCittadini in crescita aCittadini in crescita 0aInserimento e integrazione scolastica di bambini e ragazzi di origine straniera a1a ed. c2010 bCISF - Centro Internazionale Studi Famiglia - Via Giotto, 36 20145 MILANO (non commercial uses only)cCopyright 2016 app. 22-27 an. 1 [2010] a Tema: scuola, bambini-immigrati aSCUOLAvarticolo aAA.VV. cCR 71 a48355bSig1c224548d224548 0010406A_05_000000000000000_R0474835571aCISFbCISFd2016-10-14l0oA05/R047-48355 r2016-10-14 00:00:00w2016-10-14yCRzData import 15.10.2016 / by Epidotti, Vaglietti